000 01412na a2200397 4500
999 _c8988
_d8988
001 20104
003 MIRAKIL
005 20200708102526.0
008 170111b tu 000 0
035 _a20104
040 _aMilas
_btur
_cTR-AnCHP
041 _atur
082 _aCHP 324.2372
_bC36p 1994
090 _aBROŞÜR 391
110 _aCumhuriyet Halk Partisi (CHP)
222 _aProgramlar
245 _aCumhuriyet Halk Partisi programı
_bYeni hedefler yeni Türkiye
_cCHP
246 _a Modern Türkiye'de değişimin gücü
246 _aCumhuriyet Halk Partisi 1994 programı
246 _aCumhuriyet Halk Partisi programı
246 _aCHP programı
260 _aAnkara
_bCHP
_c1994
300 _a120 s.
_c24 sm.
440 _aCumhuriyet Halk Partisi yayınları
500 _aDış kapakta başka yapıt adı: CHP : Modern Türkiye'de değişimin gücü
500 _aKütüphaneciden çevrimdışı versiyonu sağlanabilir.
610 _aCumhuriyet Halk Partisi (CHP)
_xKurultaylar, 1994
610 _aCumhuriyet Halk Partisi (CHP)
_xProgramlar, 1994
651 _aTürkiye
_xSiyaset ve yönetim
_y1994-1996
740 _a Modern Türkiye'de değişimin gücü
830 _aCHP programları
942 _cBKS
999 _d8988